| 000 | 00482nam a22002057a 4500 | ||
|---|---|---|---|
| 003 | bpm | ||
| 005 | 20260407100419.0 | ||
| 008 | 260407b |||||||| |||| 001 j spa d | ||
| 020 | _a9509036056 | ||
| 024 | _aS. C. C. / M. C. y E. M.: | ||
| 040 | _aAR-CtUCP | ||
| 041 | _aspa | ||
| 080 | _aCDU | ||
| 100 | _aDíaz Calvi Carlos | ||
| 245 | _aLa brújula | ||
| 260 |
_aBuenos Aires _bDeauno _c2004 |
||
| 650 | _aLiteratura - Historia breves | ||
| 942 | _cLIB | ||
| 999 |
_c76611 _d76611 |
||